Laboratory manual of general ecology
Αποθηκεύτηκε σε:
| Κύριος συγγραφέας: | |
|---|---|
| Μορφή: | Βιβλίο |
| Γλώσσα: | English |
| Δημοσίευση: |
Dubuque IA :
Wm. C. Brown,
c1996
|
| Έκδοση: | 7th ed. |
| Θέματα: | |
| Ετικέτες: |
Προσθήκη ετικέτας
Δεν υπάρχουν, Καταχωρήστε ετικέτα πρώτοι!
|
MARC
| LEADER | 00000nam a2200000 i 4500 | ||
|---|---|---|---|
| 001 | 1/85622 | ||
| 008 | 990702s1996 eng d | ||
| 020 | |a 0-697-24365-6 | ||
| 035 | |l 10051888 | ||
| 040 | |a GR-MY-UA |b gre |e aacr | ||
| 041 | 0 | |a eng | |
| 082 | 0 | |a 574.5 | |
| 100 | 1 | |a Cox, George W. | |
| 245 | 1 | 0 | |a Laboratory manual of general ecology / |c George W. Cox |
| 250 | |a 7th ed. | ||
| 260 | |a Dubuque IA : |b Wm. C. Brown, |c c1996 | ||
| 300 | |a x, 278 σ.; |b εικ.; |c 28 εκ. | ||
| 504 | |a Περιέχει βιβλιογραφικές παραπομπές και ευρετήριο | ||
| 650 | 0 | 0 | |a Ecology |x Laboratory manuals. |
| 852 | |a INST |b LESVOS |e 19990702 |h 574.5 COX |p 005100019898 |q 005100019898 |t BK |y 0 | ||
| 852 | |a INST |b LESVOS |e 20000904 |h 574.5 COX |p 005100027514 |q 005100027514 |t BK |y 0 | ||
| 901 | |a BIBL1-1999-2 | ||
| 909 | |a Λ |b 062918 | ||
| 909 | |a Λ |b 080900 | ||
| 922 | |a 1ΕΛΗ |b 199801 |c ΚΠΣ/ΤΓ |d LEADER | ||
| 950 | |a 118-1998-09-20 | ||
| 970 | |a ΤΖΑΦΕΡΗ |b ΕΥΑΓΓΕΛΙΑ |z 1999/07/08 | ||